书目信息 |
| 题名: |
战国策译注
|
|
| 作者: | 刘向 校录 ;吕壮 译注 | |
| 分册: | ||
| 出版信息: | 北京 北京联合出版公司 2015.9 |
|
| 页数: | 349页 | |
| 开本: | 21cm | |
| 丛书名: | ||
| 单 册: | ||
| 中图分类: | K231.04 | |
| 科图分类: | ||
| 主题词: | 《战国策》--zhan guo ce--注释 , 注释--zhu shi | |
| 电子资源: | ||
| ISBN: | 978-7-5502-4098-8 | |
| 000 | 00870nam0 22002531 450 | |
| 001 | 0120081935 | |
| 005 | 20170320081935.0 | |
| 010 | @a978-7-5502-4098-8@dCNY53.00 | |
| 100 | @a20151015d2015 em y0chiy50 ea | |
| 101 | 0 | @achi |
| 102 | @aCN@b110000 | |
| 105 | @ay z 000yy | |
| 106 | @ar | |
| 200 | 1 | @a战国策译注@9zhan guo ce yi zhu@f(西汉)刘向校录@g吕壮译注 |
| 210 | @a北京@c北京联合出版公司@d2015.9 | |
| 215 | @a349页@d21cm | |
| 330 | @a本书是一部古史名著,并对原文作了注释,内容主要记载了战国时代的谋臣、策士们在游说列国时所提出的种种有关政治、军事、外交等方面的主张和策略,以及他们游说活动的情况和过程。 | |
| 606 | 0 | @a《战国策》@9zhan guo ce@x注释 |
| 606 | 0 | @a注释@9zhu shi |
| 690 | @aK231.04@v5 | |
| 701 | 0 | @c西汉@a刘向@9liu xiang@4校录 |
| 702 | 0 | @a吕壮@9lv zhuang@4译注 |
| 801 | 0 | @aCN@bTANGWEI@c20170308 |
| 905 | @b0954654-6@dK231.04@e16@f3 | |
| 战国策译注/(西汉)刘向校录/吕壮译注 .-北京:北京联合出版公司,2015.9 |
| 349页;21cm |
| ISBN 978-7-5502-4098-8:CNY53.00 |
| 本书是一部古史名著,并对原文作了注释,内容主要记载了战国时代的谋臣、策士们在游说列国时所提出的种种有关政治、军事、外交等方面的主张和策略,以及他们游说活动的情况和过程。 |
| ● |
| 相关链接 |
|
|
|
|
正题名:战国策译注
索取号:K231.04/16
 
预约/预借
| 序号 | 登录号 | 条形码 | 馆藏地/架位号 | 状态 | 备注 |
| 1 | 0954654 | 209546543 | 第二样本阅览室/ [索取号:K231.04/16] | 在馆 | |
| 2 | 0954655 | 209546552 | 第二借阅区/ [索取号:K231.04/16] | 在馆 | |
| 3 | 0954656 | 209546561 | 第二借阅区/ [索取号:K231.04/16] | 在馆 |